Najbardziej niebezpieczne kraje świata - Statystyki

Ogólne statystyki
  • Ten quiz został rozwiązany 664 razy
  • Średni wynik to 6 z 10
Statystyki odpowiedzi
lp. Pierwsza litera Kraj % Poprawnych
8 I Irak
81%
7 S Syria
72%
5 J Jemen
70%
9 A Afganistan
65%
6 L Liban
62%
2 S Somalia
60%
10 U Ukraina( Wschodnia część)
58%
1 M Mali
41%
3 S Sudan Południowy
40%
4 R Republika Środkowoafrykańska
22%
Nie znaleziono quizów pasujących do podanych kryteriów
Rozkład punktacji
Procent ludzi z każdym wynikiem
Percentyl według liczby udzielonych odpowiedzi
Twoja historia wyników
Nie rozwiązałeś tego quizu